000 01877nam a2200421 c 4500
003 BLK
005 20240117114426.0
008 180408b bul|||||r ||||||| ||bul||
010 _aKNG00080768000
020 _a978-954-9485-33-2
_bиздат.: България
040 _aBLK
041 _aBUL
_cBUL
080 _aОрганизация и управление на селскостопанското производство. Земеделие. Градинарство
_b631/635
_x.003(497.2)(035)
_z631/635.003(497.2)(035)
080 _aДомашни животни
_b636.1/.9
_x.003(497.2)(035)
_z636.1/.9.003(497.2)(035)
139 _aРъководство за обучение по управление и планиране на фермата
_bР 97
245 1 0 _aРъководство за обучение по управление и планиране на фермата
257 _aBGR
260 София
_bБългария
_c2007
300 _a318 с. раздр. паг.
_bс табл., сх.
_c20 см
380 _a63
500 _aИзд. на Служба по управление, маркетинг и финанси на ФАО(СУМФ).
590 _aф
650 4 _aФерми - България - организация и управление
_9244685
650 4 _aСелско стопанство - България - икономика и организация
_9254595
653 _aселско стопанство
653 _aферми
653 _aорганизация
653 _aуправление
653 _aпланиране
653 _aнаръчници
653 _aръководства
852 _aЦб 237939
856 4 _qpdf
_u
856 4 _qpdf
_u
942 _cKNG
_n0
_02
944 _aCR
_c24.01.2008
_k30576
_lЦветомила Тодорова
944 _aED
_c01.02.2013
_k
999 _c76337
_d76337